| 000 | 01115nam a2200337 a 4500 | ||
|---|---|---|---|
| 001 | 45927 | ||
| 003 | BD-RjUL | ||
| 005 | 20211209054103.0 | ||
| 008 | 740115s1973 enk b 001 0 eng | ||
| 020 | _a0421154705 | ||
| 020 | _a0421154802 | ||
| 035 | _a(BD-RjUL)46045 | ||
| 035 | _a267352 | ||
| 040 |
_aLC _beng _cLC |
||
| 041 | _aeng | ||
| 082 | 0 | 0 |
_a342.4202 _bPHC 1973 |
| 082 | 0 | 0 | _a342.4202 |
| 100 | 1 |
_aPhillips, Owen Hood. _9140450 |
|
| 245 | 1 | 0 |
_aConstitutional and administrative law / _cby O. Hood Phillips. |
| 250 | _a5th ed. | ||
| 260 |
_aLondon : _bSweet & Maxwell, _c1973 |
||
| 300 |
_axlvi, 669 p. ; _c23 cm. |
||
| 500 | _aFirst and 2d editions published under title: The constitutional law of Great Britain and the Commonwealth. | ||
| 504 | _aIncludes bibliographical references and index. | ||
| 650 | 0 |
_aConstitutional law _zGreat Britain. _9140451 |
|
| 650 | 0 |
_aAdministrative law _zGreat Britain. _9140452 |
|
| 650 | 0 |
_aConstitutional law _zCommonwealth countries. _9140453 |
|
| 650 | 0 |
_aConstitutional law _zGreat Britain. _9140451 |
|
| 942 |
_2ddc _cBK |
||
| 999 |
_c45927 _d45927 |
||